Stevie Wonder songs : Sudden death - Statistics

General Stats
  • This quiz has been taken 343 times
  • The average score is 9 of 15
Answers on the Grid
Answers color-coded by a green-red scale on the quiz's grid according to % correct below.
Ebony and Ivory
Golden Brown
You Are The Sunshine Of My Life
I Just Called To Say I Love you
Signed, Sealed, Delivered (I'm Yours)
When Somebody Loves You Back
The Way You Make Me Feel
For Once In My Life
Sun I Shinning
Let's Pretend We're Married
Master Blaster (Jammin')
I Knew You Were Waiting (For Me)
I Wish
Higher Ground
It’s a Man’s Man’s Man’s World
Superstition
Ain't Nobody
Inner City Blues
As
That's What Friends Are For
Sir Duke
Everyday People
Never Too Much
Just To See Her
Do I Do
There's No Easy Way
Isn't She Lovely
Let's Stay Together
Stand By Me
Part-Time Lover
 
Answer Stats
Answer % Correct
I Just Called To Say I Love you
87%
Superstition
85%
You Are The Sunshine Of My Life
81%
Signed, Sealed, Delivered (I'm Yours)
78%
Ebony and Ivory
73%
Isn't She Lovely
73%
For Once In My Life
68%
Sir Duke
68%
Higher Ground
57%
Part-Time Lover
55%
I Wish
54%
Master Blaster (Jammin')
52%
As
49%
Do I Do
38%
That's What Friends Are For
22%
No matching quizzes found
Score Distribution
Percent of People with Each Score
Percentile by Number Answered
Your Score History
You have not taken this quiz